[Event "XXVI. Rhein-Main-Open, Gruppe B"]
[Site "Bad Homburg vor der Höhe"]
[Date "2024.05.29"]
[Round "3"]
[White "Sasikumar Anitha, Sarvesh"]
[Black "Gold, Jan Christian"]
[Result "1/2-1/2"]
[WhiteElo "1704"]
[BlackElo "1969"]
[PlyCount "61"]
[EventDate "2024.??.??"]
[WhiteTeam "SK 1858 Gießen"]
[BlackTeam "SK Bad Homburg 1927"]

1. e4 c6 2. d4 d5 3. Nc3 g6 4. exd5 cxd5 5. Nf3 Bg7 6. Be2 Nf6 7. O-O O-O 8. Bf4 a6 9. h3 Nc6 10. Re1 Ne4 11. Bf1 Nxc3 12. bxc3 Qa5 13. c4 e6 14. c5 Re8 15. Qd3 e5 16. Bd2 Qc7 17. dxe5 Nxe5 18. Nxe5 Bxe5 19. Qxd5 Bf5 20. Ba5 Bh2+ 21. Kh1 Qxa5 22. Rxe8+ Rxe8 23. Kxh2 Qc7+ 24. Qd6 Rc8 25. Qxc7 Rxc7 26. c4 Rxc5 27. Rd1 Kf8 28. Kg3 Ke7 29. Kf4 Ra5 30. Rd2 Ra4 31. Ke3 1/2-1/2

[Event "XXVI. Rhein-Main-Open, Gruppe B"]
[Site "Bad Homburg vor der Höhe"]
[Date "2024.05.29"]
[Round "3"]
[White "Reimer, Otto"]
[Black "Schneider, Wolfram"]
[Result "1/2-1/2"]
[WhiteElo "1911"]
[BlackElo "1914"]
[PlyCount "64"]
[EventDate "2024.??.??"]
[WhiteTeam "SK Bad Homburg 1927"]
[BlackTeam "SK Marburg 1931/72"]

1. e4 c5 2. Nf3 d6 3. d4 cxd4 4. Nxd4 Nf6 5. Nc3 Nc6 6. Be3 Ng4 7. Qd2 Nxe3 8. Qxe3 e5 9. Nb3 Be6 10. O-O-O Be7 11. Kb1 O-O 12. Nd5 Bg5 13. Qd3 Rc8 14. a3 Na5 15. Nxa5 Qxa5 16. h4 Bd8 17. f3 Rc6 18. Qb5 Qxb5 19. Bxb5 Rc5 20. Ba4 Bxd5 21. b4 Rc7 22. Rxd5 Be7 23. Bb3 h6 24. Kb2 Rfc8 25. Rd3 g6 26. g3 Kg7 27. Rf1 Rd8 28. Rc3 Rdc8 29. Rxc7 Rxc7 30. Bd5 f5 31. Rh1 h5 32. Rd1 f4 1/2-1/2

[Event "XXVI. Rhein-Main-Open, Gruppe B"]
[Site "Bad Homburg vor der Höhe"]
[Date "2024.05.29"]
[Round "3"]
[White "Fernandez Egea, Andres"]
[Black "Brauer, Julian"]
[Result "1-0"]
[WhiteElo "1892"]
[BlackElo "1731"]
[PlyCount "57"]
[EventDate "2024.??.??"]
[WhiteTeam "SF Frankfurt 1921"]
[BlackTeam "SC Herxheim"]

1. e4 Nf6 2. d3 d5 3. exd5 Nxd5 4. g3 Nc6 5. Bg2 g6 6. Nh3 Bg7 7. c3 O-O 8. O-O Bf5 9. d4 h6 10. Nf4 Nxf4 11. Bxf4 g5 12. Be3 e5 13. d5 Ne7 14. c4 Qd6 15. Nc3 c6 16. c5 Qd7 17. d6 Ng6 18. Re1 Rfd8 19. Qd2 Nf8 20. h4 f6 21. b4 Ne6 22. Ne4 Bh7 23. hxg5 hxg5 24. Qe2 Qf7 25. Rad1 f5 26. Nxg5 Nxg5 27. Bxg5 Rd7 28. b5 cxb5 29. Bd5 1-0

[Event "XXVI. Rhein-Main-Open, Gruppe B"]
[Site "Bad Homburg vor der Höhe"]
[Date "2024.05.30"]
[Round "4"]
[White "Beier, Claus Christian"]
[Black "Ziegler, Christopher"]
[Result "1-0"]
[WhiteElo "1674"]
[BlackElo "1740"]
[PlyCount "63"]
[EventDate "2024.??.??"]
[WhiteTeam "SK Bad Homburg 1927"]
[BlackTeam "SV 1920 Kelsterbach"]

1. e4 e5 2. Nf3 Nc6 3. d4 Nf6 4. dxe5 Nxe4 5. Qd5 Nc5 6. Bg5 Be7 7. Bc4 O-O 8. O-O Bxg5 9. Qxc5 b6 10. Qd5 Bb7 11. e6 Na5 12. exf7+ Kh8 13. Qxg5 Nxc4 14. Qb5 Nd6 15. Qd3 a5 16. Ne5 Nxf7 17. Nxf7+ Rxf7 18. Qg3 Rf6 19. f3 Rg6 20. Qf2 Qg5 21. Nd2 Rf8 22. Rfe1 h5 23. Re3 h4 24. h3 Rf4 25. Rae1 Qf5 26. Kh2 Rd4 27. Re8+ Kh7 28. Qxd4 Qg5 29. Qf2 Bd5 30. R8e5 Qf4+ 31. Kh1 Rg3 32. Rxd5 1-0

[Event "XXVI. Rhein-Main-Open, Gruppe B"]
[Site "Bad Homburg vor der Höhe"]
[Date "2024.05.30"]
[Round "4"]
[White "Brauer, Julian"]
[Black "Vogel, Kurt"]
[Result "1/2-1/2"]
[WhiteElo "1731"]
[BlackElo "1751"]
[PlyCount "46"]
[EventDate "2024.??.??"]
[WhiteTeam "SC Herxheim"]
[BlackTeam "DJK Aufwärts St. Josef Aachen"]

1. c4 c6 2. e4 d5 3. cxd5 cxd5 4. exd5 Qxd5 5. Nc3 Qa5 6. Nf3 Nf6 7. d4 e6 8. Bd2 Qd8 9. Bc4 Nc6 10. Bg5 Be7 11. O-O O-O 12. a3 a6 13. Rb1 b5 14. Ba2 Bb7 15. Bxf6 Bxf6 16. d5 exd5 17. Nxd5 Rb8 18. Re1 g6 19. Nxf6+ Qxf6 20. b4 Rbd8 21. Qb3 Nd4 22. Nxd4 Qxd4 23. Rbd1 Qf6 1/2-1/2

[Event "XXVI. Rhein-Main-Open, Gruppe B"]
[Site "Bad Homburg vor der Höhe"]
[Date "2024.05.30"]
[Round "4"]
[White "Bretschneider, Andreas"]
[Black "Clement, Marc"]
[Result "1-0"]
[WhiteElo "1156"]
[BlackElo "1659"]
[PlyCount "83"]
[EventDate "2024.??.??"]
[WhiteTeam "Sabt Frankfurter TV 1860"]
[BlackTeam "Altonaer SK von 1873 e.V"]

1. d4 Nf6 2. Nc3 g6 3. e4 d6 4. f4 Bg7 5. e5 dxe5 6. fxe5 Bg4 7. Nf3 Nd5 8. Bd2 Nxc3 9. Bxc3 O-O 10. h3 Bxf3 11. Qxf3 c6 12. Bc4 e6 13. O-O-O a5 14. Rhf1 Qc7 15. g4 Nd7 16. g5 b5 17. Bd3 Nb6 18. h4 Nd5 19. Bd2 b4 20. h5 a4 21. Bc4 Rab8 22. hxg6 fxg6 23. Qh3 Qe7 24. Rh1 Bh8 25. Bd3 Rf7 26. Bxg6 Rg7 27. Bh5 Nc3 28. bxc3 b3 29. Kb2 a3+ 30. Kb1 bxa2+ 31. Kxa2 Rb2+ 32. Ka1 Rxc2 33. Rb1 Rb2 34. Rxb2 axb2+ 35. Kxb2 Qd7 36. Ra1 Re7 37. Ra8+ Kg7 38. Rb8 Qa7 39. Rb3 Qd7 40. Bg4 c5 41. Qh6+ Kg8 42. Rb8+ 1-0

[Event "XXVI. Rhein-Main-Open, Gruppe B"]
[Site "Bad Homburg vor der Höhe"]
[Date "2024.05.30"]
[Round "4"]
[White "Brunner, Andreas"]
[Black "Negru, Maximilian"]
[Result "1-0"]
[WhiteElo "1643"]
[BlackElo "1605"]
[PlyCount "151"]
[EventDate "2024.??.??"]
[WhiteTeam "FV Berkersheim"]
[BlackTeam "SK Bad Homburg 1927"]

1. Nf3 Nf6 2. c4 d5 3. cxd5 Nxd5 4. g3 g6 5. Nc3 Nxc3 6. bxc3 Bf5 7. Bg2 c6 8. Qb3 Qb6 9. Nd4 Bd7 10. Qc2 e5 11. Rb1 Qc7 12. Nb3 a5 13. a3 a4 14. Na1 Bf5 15. e4 Be6 16. O-O Nd7 17. d4 Bg7 18. Be3 O-O 19. f4 exd4 20. cxd4 Qd6 21. Rb4 Ra5 22. e5 Qe7 23. Rxa4 Rfa8 24. Rxa5 Rxa5 25. Bc1 c5 26. Qc3 Rb5 27. Be3 b6 28. d5 Bf5 29. Nb3 Qe8 30. Qc4 Nb8 31. Bd2 Bg4 32. Re1 Kh8 33. a4 Rxb3 34. Qxb3 Qd8 35. Qb5 Bd7 36. Qb3 Bf8 37. Qc4 Qc7 38. Rb1 Qa7 39. e6 fxe6 40. dxe6 Bxa4 41. Bc3+ Bg7 42. Bxg7+ Kxg7 43. Qc3+ Kg8 44. Ra1 b5 45. Kh1 Qg7 46. Qxg7+ Kxg7 47. Re1 Kf8 48. Re5 c4 49. e7+ Ke8 50. Bd5 b4 51. Bxc4 Bd7 52. Bb5 Nc6 53. Bxc6 Bxc6+ 54. Kg1 b3 55. Re2 Bb5 56. Rb2 Bc4 57. Kf2 Kxe7 58. Ke3 Kf6 59. g4 Bg8 60. Kd4 g5 61. f5 Bf7 62. Kc3 h5 63. h3 h4 64. Rxb3 Bxb3 65. Kxb3 Ke5 66. Kc4 Kf4 67. Kd5 Kg3 68. f6 Kxh3 69. f7 Kg2 70. f8=Q h3 71. Ke4 h2 72. Qf3+ Kg1 73. Qg3+ Kh1 74. Qxh2+ Kxh2 75. Kf5 Kg3 76. Kxg5 1-0

[Event "XXVI. Rhein-Main-Open, Gruppe B"]
[Site "Bad Homburg vor der Höhe"]
[Date "2024.05.30"]
[Round "4"]
[White "Eckhard, Laura"]
[Black "Schaack, Frank"]
[Result "1-0"]
[WhiteElo "1193"]
[BlackElo "1470"]
[PlyCount "67"]
[EventDate "2024.??.??"]
[WhiteTeam "Sfr.Heidesheim"]
[BlackTeam "SK Bad Homburg 1927"]

1. d4 d5 2. Bf4 Nf6 3. e3 Bg4 4. Nf3 Ne4 5. h3 Bxf3 6. Qxf3 e6 7. Bd3 f5 8. Qd1 Nc6 9. c3 g5 10. Qh5+ Kd7 11. Bh2 Nf6 12. Qe2 Bd6 13. Nd2 Bxh2 14. Rxh2 Rg8 15. O-O-O a6 16. Nf3 Ke7 17. Ne5 Nxe5 18. dxe5 Nd7 19. f4 Qe8 20. g4 c5 21. gxf5 c4 22. f6+ Kd8 23. Bxh7 Rf8 24. Rg1 Qf7 25. Bc2 Kc7 26. h4 gxf4 27. exf4 Rg8 28. Rhg2 Rxg2 29. Rxg2 Rg8 30. Rg5 Nf8 31. Qg4 Rxg5 32. Qxg5 Nh7 33. Bxh7 Qxh7 34. Qg7+ 1-0

[Event "XXVI. Rhein-Main-Open, Gruppe B"]
[Site "Bad Homburg vor der Höhe"]
[Date "2024.05.30"]
[Round "4"]
[White "Fallouh, Philippe"]
[Black "Fischer, Frederik"]
[Result "1/2-1/2"]
[WhiteElo "1781"]
[BlackElo "1616"]
[PlyCount "91"]
[EventDate "2024.??.??"]
[WhiteTeam "SK Bad Homburg 1927"]
[BlackTeam "SV Oberursel"]

1. d4 d5 2. e3 Nf6 3. Bd3 e6 4. c3 c5 5. f4 Bd6 6. Nf3 Nbd7 7. Ne5 O-O 8. O-O Qc7 9. Nd2 b6 10. Qf3 Bb7 11. g4 Ne8 12. Bb5 Bxe5 13. fxe5 f6 14. Bxd7 Qxd7 15. g5 Qe7 16. gxf6 gxf6 17. Qg3+ Qg7 18. Nf3 fxe5 19. Nxe5 Rxf1+ 20. Kxf1 Qxg3 21. hxg3 Nd6 22. dxc5 Rf8+ 23. Kg2 bxc5 24. e4 Nxe4 25. Bf4 d4 26. c4 Ng5+ 27. Kf1 Nh3 28. Nd3 Nxf4 29. gxf4 Rf5 30. Re1 Kf7 31. Re5 Kf6 32. Rxc5 Be4 33. Rxf5+ Kxf5 34. Nc5 h5 35. Kf2 h4 36. Nb3 e5 37. fxe5 Kxe5 38. Kg1 Bc2 39. Nd2 Kf4 40. c5 Ke3 41. Nc4+ Ke2 42. b4 Ba4 43. Nb2 Bd7 44. a4 a6 45. Kh2 d3 46. b5 1/2-1/2

[Event "XXVI. Rhein-Main-Open, Gruppe B"]
[Site "Bad Homburg vor der Höhe"]
[Date "2024.05.30"]
[Round "4"]
[White "Fang, Borui"]
[Black "Hofmann, Marco"]
[Result "1-0"]
[WhiteElo "1740"]
[BlackElo "1404"]
[PlyCount "87"]
[EventDate "2024.??.??"]
[WhiteTeam "SV Oberursel"]
[BlackTeam "VSG 1880 Offenbach"]

1. e4 c6 2. d4 d5 3. e5 c5 4. dxc5 Nc6 5. Nf3 Bg4 6. Be2 e6 7. Be3 Bxf3 8. gxf3 Nxe5 9. Qd4 Nc6 10. Bb5 Qf6 11. Qa4 Nge7 12. Nd2 g6 13. c3 Bg7 14. f4 O-O 15. h4 h5 16. Nf3 e5 17. fxe5 Nxe5 18. Nxe5 Qxe5 19. O-O-O Rfd8 20. Rhe1 Qf5 21. Bd3 Qd7 22. Qxd7 Rxd7 23. Bb5 Rc7 24. Kc2 Bf6 25. b4 Rd8 26. Bf4 Rcc8 27. Bg5 Bxg5 28. hxg5 Nf5 29. Bd3 Rc7 30. Bxf5 gxf5 31. Rd4 Kg7 32. Red1 Re7 33. Rxd5 Rxd5 34. Rxd5 Re2+ 35. Rd2 Rxd2+ 36. Kxd2 Kf8 37. Ke3 Ke7 38. Kf4 Ke6 39. c4 h4 40. a4 h3 41. Kg3 h2 42. Kxh2 Ke5 43. b5 Kd4 44. c6 1-0

[Event "XXVI. Rhein-Main-Open, Gruppe B"]
[Site "Bad Homburg vor der Höhe"]
[Date "2024.05.30"]
[Round "4"]
[White "Francke, Helmut"]
[Black "Reinhardt, Anton"]
[Result "1-0"]
[WhiteElo "1895"]
[BlackElo "1521"]
[PlyCount "49"]
[EventDate "2024.??.??"]
[WhiteTeam "SC Bad Nauheim"]
[BlackTeam "Sabt Frankfurter TV 1860"]

1. Nf3 d5 2. g3 Nc6 3. d4 Bf5 4. Bg2 Nb4 5. Na3 e6 6. c3 Nc6 7. Nc2 h6 8. O-O Nf6 9. Nd2 a5 10. f3 Be7 11. e4 Bh7 12. e5 Nd7 13. Ne3 Nb6 14. Qe2 Qd7 15. a4 h5 16. f4 O-O-O 17. Qb5 Nb8 18. Rf2 h4 19. g4 Bg6 20. f5 exf5 21. gxf5 Bh5 22. Qxa5 Rdg8 23. Nxd5 g5 24. Qxb6 g4 25. Nxe7+ 1-0

[Event "XXVI. Rhein-Main-Open, Gruppe B"]
[Site "Bad Homburg vor der Höhe"]
[Date "2024.05.30"]
[Round "4"]
[White "Gerber, Ingo"]
[Black "Hees, Robin"]
[Result "1/2-1/2"]
[WhiteElo "1719"]
[BlackElo "1552"]
[PlyCount "50"]
[EventDate "2024.??.??"]
[WhiteTeam "Sfr.Mainz 1928"]
[BlackTeam "SK Bad Homburg 1927"]

1. Nf3 Nf6 2. d4 d5 3. Bf4 c5 4. e3 Bf5 5. c3 Qb6 6. Qb3 c4 7. Qxb6 axb6 8. Na3 Na6 9. Nh4 Bd7 10. Be2 e6 11. Nb1 Be7 12. Nd2 O-O 13. h3 h6 14. Nhf3 Rfd8 15. Ne5 Bc6 16. O-O Bd6 17. f3 Nc7 18. Nxc6 bxc6 19. Bxd6 Rxd6 20. e4 Rdd8 21. a3 b5 22. Kf2 Nd7 23. g4 Nb6 24. Rfb1 Na4 25. Bd1 Rdb8 1/2-1/2

[Event "XXVI. Rhein-Main-Open, Gruppe B"]
[Site "Bad Homburg vor der Höhe"]
[Date "2024.05.30"]
[Round "4"]
[White "Goodwin, David"]
[Black "Glavev, Victor"]
[Result "1-0"]
[WhiteElo "1661"]
[BlackElo "1483"]
[PlyCount "241"]
[EventDate "2024.??.??"]
[WhiteTeam "SV 1920 Kelsterbach"]
[BlackTeam "SK Bad Homburg 1927"]

{[%evp 0,145,58,18,22,-7,-16,-44,-41,-71,-46,-62,-13,-48,-23,-40,-40,-54,-44,-67,-50,-55,-52,-84,-63,-79,-57,-57,-34,-55,132,148,148,164,166,154,181,188,188,191,223,133,162,202,208,97,219,213,459,459,438,465,458,454,512,458,451,107,115,-8,54,57,63,87,111,51,74,52,98,104,112,124,127,131,131,74,171,152,142,151,164,155,151,165,159,76,87,89,93,82,148,153,159,154,157,115,115,93,89,83,93,68,81,84,94,58,44,44,73,51,64,59,103,87,119,119,131,0,0,0,58,56,52,60,79,69,82,76,80,80,108,95,122,125,135,71,69,69,61,15,14,15,15,15,15,13,15,16]} 1. Nf3 Nc6 2. g3 e5 3. d3 Nf6 4. Nbd2 Bc5 5. Bg2 d6 6. O-O h6 7. Nb3 Bb6 8. e4 a5 9. a3 a4 10. Nbd2 Be6 11. b3 axb3 12. Nxb3 Bg4 13. h3 Bh5 14. Qe1 Nd4 15. Nfxd4 exd4 16. e5 dxe5 17. Qxe5+ Kf8 18. Bxb7 Rb8 19. Bg2 Qd7 20. Qe1 Re8 21. Qb4+ Kg8 22. Qc4 Be2 23. Re1 Bxd3 24. Rxe8+ Qxe8 25. Qxd3 Qe1+ 26. Qf1 Qc3 27. Qd1 Kh7 28. Bb2 Qxb2 29. Rb1 Qc3 30. Qd3+ Qxd3 31. cxd3 Nd7 32. Be4+ g6 33. f4 f5 34. Bc6 Nc5 35. Nxc5 Bxc5 36. a4 Bb6 37. Re1 g5 38. Re7+ Kg6 39. Re5 gxf4 40. gxf4 Rf8 41. a5 Ba7 42. Re6+ Rf6 43. Be8+ Kg7 44. Re5 Rf8 45. Bc6 Kg6 46. Rd5 Rf6 47. Be8+ Kg7 48. Rd7+ Kf8 49. Bh5 Ra6 50. Rd5 Ke7 51. Rxf5 c5 52. Bf3 Rxa5 53. Bd5 Ra3 54. Bc4 Bb8 55. Rf7+ Kd6 56. f5 Ra1+ 57. Kg2 Ke5 58. Rh7 Kxf5 59. Rxh6 Bf4 60. Rh5+ Kg6 61. Rxc5 Rd1 62. Kf3 Rf1+ 63. Kg4 Bb8 64. Rc6+ Kg7 65. h4 Rf4+ 66. Kg5 Rf1 67. h5 Rg1+ 68. Kf5 Rf1+ 69. Ke4 Rf4+ 70. Kd5 Rf5+ 71. Kxd4 Rxh5 72. Rc8 Be5+ 73. Ke4 Bb2 74. Rc7+ Kf6 75. Rf7+ Kg6 76. Rb7 Rh4+ 77. Kf3 Bd4 78. Kg3 Rh1 79. Rd7 Rg1+ 80. Kh2 Rg5 81. Rxd4 Kf6 82. Kh3 Rg7 83. Kh4 Kf5 84. Kh3 Ke5 85. Re4+ Kf5 86. Be6+ Kf6 87. Bc4 Kf5 88. Re8 Kf4 89. Rf8+ Ke3 90. Kh4 Rg1 91. Kh5 Kd4 92. Kh6 Ke5 93. Kh7 Kd6 94. Rf7 Ke5 95. Kh8 Kd6 96. Rg7 Rh1+ 97. Rh7 Re1 98. Kg7 Rg1+ 99. Kh8 Rg6 100. Rg7 Rh6+ 101. Kg8 Kc5 102. Kf7 Kd6 103. Rg6+ Rxg6 104. Kxg6 Kc5 105. Kf5 Kd4 106. Kf4 Kc5 107. Ke4 Kd6 108. d4 Kc7 109. Ke5 Kd7 110. d5 Ke7 111. Bb5 Kd8 112. Ke6 Kc7 113. Ke7 Kb6 114. d6 Kxb5 115. d7 Kc5 116. d8=Q Kc4 117. Ke6 Kc3 118. Qd5 Kb4 119. Ke5 Ka4 120. Kd4 Ka3 121. Qc5+ 1-0

[Event "XXVI. Rhein-Main-Open, Gruppe B"]
[Site "Bad Homburg vor der Höhe"]
[Date "2024.05.30"]
[Round "4"]
[White "Graef, Kilian Gabriel"]
[Black "Wolf, Helena"]
[Result "1-0"]
[WhiteElo "1683"]
[BlackElo "1498"]
[PlyCount "55"]
[EventDate "2024.??.??"]
[WhiteTeam "SV Frankfurt Nord 1926"]
[BlackTeam "SK Bad Homburg 1927"]

1. d4 d5 2. c4 dxc4 3. e4 c5 4. d5 Nf6 5. Nc3 b5 6. e5 b4 7. exf6 bxc3 8. Bxc4 Nd7 9. fxe7 Bxe7 10. d6 Bf6 11. Qd5 Ne5 12. Qxa8 Nxc4 13. Rb1 Bf5 14. Qc6+ Qd7 15. Qa8+ Qd8 16. Qc6+ Kf8 17. Qxc5 Bxb1 18. Qxc4 cxb2 19. Bxb2 Qa5+ 20. Ke2 Bxa2 21. Qc8+ Qd8 22. d7 Ke7 23. Ba3+ Ke6 24. Qc6+ Ke5 25. Nf3+ Kf4 26. Bc1+ Kg4 27. Qe4+ Kh5 28. g4# 1-0

[Event "XXVI. Rhein-Main-Open, Gruppe B"]
[Site "Bad Homburg vor der Höhe"]
[Date "2024.05.30"]
[Round "4"]
[White "Hasenpflug, Till"]
[Black "Muehlpfordt, Werner"]
[Result "0-1"]
[WhiteElo "1633"]
[BlackElo "1971"]
[PlyCount "68"]
[EventDate "2024.??.??"]
[WhiteTeam "SK Bad Homburg 1927"]
[BlackTeam "SC 1997 Lambsheim"]

1. e4 c5 2. Nf3 d6 3. d4 cxd4 4. Nxd4 Nf6 5. Nc3 a6 6. Be2 e5 7. Nf3 Be7 8. O-O O-O 9. Bg5 Be6 10. Qd2 Nbd7 11. Rad1 Rc8 12. Rfe1 b5 13. a3 Qc7 14. Bf1 Rfd8 15. h3 Nb6 16. Be3 Rd7 17. Bxb6 Qxb6 18. Qe3 Qc6 19. Rd2 Rb7 20. Ra1 a5 21. Ne2 Nxe4 22. Rd3 f6 23. Nc3 Nc5 24. Rd2 d5 25. Qe1 b4 26. axb4 axb4 27. Nd1 Rd8 28. Ne3 Ne4 29. Ra6 Rb6 30. Rxb6 Qxb6 31. Rd1 Qc6 32. b3 Bc5 33. Bd3 Nc3 34. Rd2 e4 0-1

[Event "XXVI. Rhein-Main-Open, Gruppe B"]
[Site "Bad Homburg vor der Höhe"]
[Date "2024.05.30"]
[Round "4"]
[White "Jordake, Michael"]
[Black "Beier, Martin"]
[Result "1/2-1/2"]
[WhiteElo "1804"]
[BlackElo "1602"]
[PlyCount "40"]
[EventDate "2024.??.??"]
[WhiteTeam "SC Bergen-Enkheim 1922"]
[BlackTeam "SK Bad Homburg 1927"]

1. d4 d5 2. Nf3 e6 3. Bf4 c5 4. e3 Bd6 5. Bg3 Qc7 6. c3 Nd7 7. Nbd2 Ngf6 8. Bb5 a6 9. Bxd7+ Nxd7 10. Qc2 c4 11. O-O h6 12. Bxd6 Qxd6 13. e4 O-O 14. Rfe1 dxe4 15. Nxe4 Qc6 16. Rad1 b5 17. h3 Bb7 18. Qe2 Rfe8 19. Rd2 Rad8 20. Qf1 Qd5 1/2-1/2

[Event "XXVI. Rhein-Main-Open, Gruppe B"]
[Site "Bad Homburg vor der Höhe"]
[Date "2024.05.30"]
[Round "4"]
[White "Kaiser, Danny"]
[Black "Keller, Konstantin"]
[Result "1/2-1/2"]
[WhiteElo "1103"]
[BlackElo "1686"]
[PlyCount "61"]
[EventDate "2024.??.??"]
[WhiteTeam "SC Bad Nauheim"]
[BlackTeam "SV 1920 Hofheim"]

1. d4 Nf6 2. c4 e6 3. Bg5 h6 4. Bh4 b6 5. Nc3 Bb4 6. e3 Bb7 7. Nf3 g5 8. Bg3 Ne4 9. Qb3 a5 10. Bd3 d6 11. O-O Bxc3 12. bxc3 h5 13. Bxe4 Bxe4 14. Qb5+ Nd7 15. Qxg5 Qxg5 16. Nxg5 Bd3 17. Rfd1 Bxc4 18. Ne4 Ke7 19. Bh4+ f6 20. Nd2 Ba6 21. Rac1 Rag8 22. e4 Nf8 23. e5 Nh7 24. exf6+ Nxf6 25. Ne4 Rh6 26. Nxf6 Rxf6 27. Bxf6+ Kxf6 28. c4 Bb7 29. f3 Bxf3 30. Rd2 Be4 31. c5 1/2-1/2

[Event "XXVI. Rhein-Main-Open, Gruppe B"]
[Site "Bad Homburg vor der Höhe"]
[Date "2024.05.30"]
[Round "4"]
[White "Kellermann, Friedrich"]
[Black "Glavev, Danail"]
[Result "0-1"]
[WhiteElo "1633"]
[BlackElo "1683"]
[PlyCount "86"]
[EventDate "2024.??.??"]
[WhiteTeam "SC Hilchenbach"]
[BlackTeam "SK Bad Homburg 1927"]

1. c4 d5 2. cxd5 Qxd5 3. Nc3 Qd8 4. Nf3 Bf5 5. d3 Nc6 6. e4 Bg4 7. Be2 e5 8. O-O Bd6 9. Be3 Nf6 10. Rc1 Bxf3 11. Bxf3 O-O 12. Qb3 Rb8 13. Rfd1 Qd7 14. h3 h6 15. Ne2 Rfe8 16. d4 exd4 17. Nxd4 Ne5 18. Be2 Nxe4 19. Nf3 Nf6 20. Nxe5 Rxe5 21. Bf3 b6 22. Bf4 Re7 23. Bxd6 cxd6 24. Qc4 Rd8 25. Bc6 Qf5 26. Bf3 d5 27. Qd3 Qxd3 28. Rxd3 Red7 29. Kh2 d4 30. g4 g6 31. Kg3 Kg7 32. Bg2 Ne8 33. Bf3 Nc7 34. Bc6 Rd6 35. Bf3 Ne6 36. h4 g5 37. h5 Nf4 38. Rd2 d3 39. Re1 Kf6 40. Bd1 a5 41. a4 Rd4 42. b3 Ne6 43. Re3 Nc5 0-1

[Event "XXVI. Rhein-Main-Open, Gruppe B"]
[Site "Bad Homburg vor der Höhe"]
[Date "2024.05.30"]
[Round "4"]
[White "Kolker, Vladislav"]
[Black "Schmid, Herbert"]
[Result "1-0"]
[WhiteElo "1896"]
[BlackElo "1818"]
[PlyCount "115"]
[EventDate "2024.??.??"]
[WhiteTeam "SC Bad Nauheim"]
[BlackTeam "SK Wertheim"]

{[%evp 0,115,16,28,79,80,59,39,40,36,32,32,36,20,21,11,-10,-23,-21,-17,1,1,25,-9,35,-20,-18,-19,-18,-46,-45,-35,-25,-20,-20,-20,-18,-21,-13,-29,-6,10,10,26,26,-1,25,-25,8,-11,9,19,27,18,27,31,31,32,54,45,120,134,163,148,165,171,230,238,291,278,288,291,322,322,323,309,322,309,333,295,312,287,337,292,297,314,324,343,347,332,341,224,407,406,429,454,454,433,444,457,524,489,632,489,547,578,645,478,551,872,992,1014,1048,1121,1218,1668,1768,1862]} 1. e4 c6 2. Nf3 d5 3. exd5 cxd5 4. Ne5 Nf6 5. d4 Nc6 6. Bb5 Bd7 7. Nxd7 Qxd7 8. c3 e6 9. Nd2 Be7 10. Nf3 a6 11. Qa4 Bd6 12. O-O O-O 13. Bd3 Ne5 14. Qd1 Nxd3 15. Qxd3 Ne4 16. c4 Rac8 17. c5 Bb8 18. Rd1 h6 19. b4 Qb5 20. Qxb5 axb5 21. Bb2 f6 22. Ne1 Bf4 23. Nc2 Ra8 24. g3 Bb8 25. f3 Ng5 26. Kg2 Ra4 27. a3 Ra8 28. Rd3 f5 29. Re1 Re8 30. Ne3 Bc7 31. Nd1 h5 32. Nc3 f4 33. Nxb5 Rac8 34. Nxc7 Rxc7 35. Bc1 Rce7 36. Bxf4 Nf7 37. h4 Kh7 38. a4 Kg6 39. Kh3 Kf5 40. Bd2 e5 41. g4+ Kg6 42. dxe5 hxg4+ 43. fxg4 Rxe5 44. Rxe5 Rxe5 45. Re3 Kf6 46. Bc3 Ke6 47. Bxe5 Nxe5 48. b5 d4 49. Re1 Kd5 50. Kg3 Nd3 51. Re7 Nxc5 52. Rxg7 d3 53. Rg5+ Kc4 54. Rxc5+ Kxc5 55. Kf2 Kb4 56. Ke1 Kxa4 57. h5 Kxb5 58. h6 1-0

[Event "XXVI. Rhein-Main-Open, Gruppe B"]
[Site "Bad Homburg vor der Höhe"]
[Date "2024.05.30"]
[Round "4"]
[White "Krischak, Werner"]
[Black "Ghaznavi, Massoud"]
[Result "1-0"]
[WhiteElo "1791"]
[BlackElo "1664"]
[PlyCount "61"]
[EventDate "2024.??.??"]
[WhiteTeam "SK Marburg 1931/72"]
[BlackTeam "SV Oberursel"]

1. d4 d5 2. c4 b6 3. cxd5 Qxd5 4. Nc3 Qd8 5. Nf3 e6 6. e4 Bb7 7. Be2 Bb4 8. Qc2 Nf6 9. Bg5 h6 10. Bxf6 Qxf6 11. Qa4+ Nc6 12. Bb5 Bxc3+ 13. bxc3 O-O 14. Bxc6 Bxc6 15. Qxc6 Qe7 16. O-O a5 17. a4 Rad8 18. e5 Rd7 19. Rfd1 Rfd8 20. Qb5 f5 21. exf6 gxf6 22. Qh5 Qg7 23. Qh3 Kf7 24. Re1 Re7 25. Re4 Rg8 26. Rae1 Rge8 27. Qh5+ Kf8 28. Nh4 f5 29. Ng6+ Kg8 30. Nxe7+ Rxe7 31. Rxe6 1-0

[Event "XXVI. Rhein-Main-Open, Gruppe B"]
[Site "Bad Homburg vor der Höhe"]
[Date "2024.05.30"]
[Round "4"]
[White "Lao, Theodora Siyuan"]
[Black "Faisz, David"]
[Result "0-1"]
[WhiteElo "1088"]
[BlackElo "1565"]
[PlyCount "146"]
[EventDate "2024.??.??"]
[WhiteTeam "SK Bad Homburg 1927"]
[BlackTeam "SK 1926 Ettlingen"]

1. e4 e6 2. d4 d5 3. exd5 exd5 4. Bf4 Nf6 5. Nc3 Be6 6. Nf3 Be7 7. Bd3 O-O 8. O-O Nc6 9. h3 Bd6 10. Qd2 Nb4 11. Nb5 Nxd3 12. Bxd6 cxd6 13. Qxd3 a6 14. Nc3 Qd7 15. Ng5 h6 16. Nxe6 Qxe6 17. Rfe1 Qd7 18. Qe3 Rae8 19. Qd3 Re7 20. Rxe7 Qxe7 21. Qe3 Qd7 22. Qf3 Qc6 23. Re1 b5 24. b4 Rc8 25. Re3 Qc4 26. a3 Qxd4 27. Rd3 Qe5 28. Nxd5 Nxd5 29. Rxd5 Qe1+ 30. Kh2 Rxc2 31. Rd1 Qxf2 32. Qxf2 Rxf2 33. Rxd6 Rf6 34. Rxf6 gxf6 35. Kg3 Kg7 36. Kf4 Kg6 37. g4 f5 38. gxf5+ Kf6 39. h4 h5 40. Ke4 Ke7 41. Ke5 f6+ 42. Kd5 Kd7 43. Ke4 Kd6 44. Kd4 Kc6 45. Ke4 Kd6 46. Kd4 Kc6 47. Kc3 Kd6 48. Kb3 Ke5 49. a4 Kxf5 50. axb5 axb5 51. Kc3 Ke4 52. Kd2 f5 53. Ke2 f4 54. Kf2 f3 55. Kf1 Kd4 56. Kf2 Kc4 57. Kxf3 Kxb4 58. Kf4 Kc4 59. Kg5 b4 60. Kxh5 b3 61. Kg5 b2 62. h5 b1=Q 63. h6 Qh7 64. Kh5 Kd5 65. Kg5 Ke5 66. Kh5 Kf5 67. Kh4 Qxh6+ 68. Kg3 Qf4+ 69. Kg2 Qe3 70. Kf1 Qd2 71. Kg1 Kg4 72. Kf1 Kf3 73. Kg1 Qg2# 0-1

[Event "XXVI. Rhein-Main-Open, Gruppe B"]
[Site "Bad Homburg vor der Höhe"]
[Date "2024.05.30"]
[Round "4"]
[White "Lebermann, Hellmuth"]
[Black "Reimer, Otto"]
[Result "0-1"]
[WhiteElo "1909"]
[BlackElo "1911"]
[Annotator "thoma"]
[PlyCount "70"]
[EventDate "2024.??.??"]
[WhiteTeam "SK Bad Homburg 1927"]
[BlackTeam "SK Bad Homburg 1927"]

{[%evp 0,70,25,17,24,27,32,-23,-9,-8,11,14,20,14,13,10,13,8,29,35,136,63,49,28,17,22,40,19,35,22,66,62,100,50,91,70,88,94,104,63,65,-10,49,13,36,11,1,-2,-12,-103,-105,-133,-102,-241,-237,-288,-259,-330,-254,-420,-180,-708,-387,-417,-178,-369,-402,-404,-404,-404,-400,-478,-427]} 1. d4 Nf6 2. Nf3 d5 3. c4 e6 4. e3 c5 5. cxd5 exd5 6. Nc3 Nc6 7. Be2 cxd4 8. Nxd4 a6 9. O-O Ne5 10. b3 Bd6 11. h3 O-O 12. Bb2 Bd7 13. f4 Nc6 14. Bf3 Ne7 15. Qd3 Re8 16. Rfd1 Bc6 17. Nce2 Bc5 18. Rac1 Qb6 19. a4 Ne4 20. Kf1 Ng6 21. Nxc6 bxc6 22. Bxe4 Rxe4 23. Qc3 Bf8 24. Qxc6 Qxe3 25. Rc2 Rae8 26. Bd4 Qxb3 27. Rdd2 Nxf4 28. Nxf4 Rxf4+ 29. Kg1 Rfe4 30. Kh2 R4e6 31. Qc3 Qb8+ 32. g3 Bb4 33. Qd3 Bxd2 34. Rxd2 Qb4 35. Rg2 Qc4 0-1